000 01057nam a2200217 a 4500
001 BRCA_9132
005 20190320210530.0
008 061017s1775----sp-#######---#000-0#lat-#
041 _alat
084 _aCO38
_b.C67 1775
100 1 _aChristoph. Henr.
_922511
245 1 0 _aCorpus juris civilis academicum, in sua partes distributum, usuique moderno ita accommodatum, ut nunc studiosorum quivis, etiam tyro, uno quasi intuitu, omnesleges digestorum & codicis, omnesque títulos institutionum invenire possit
_cauctore Christoph. Henr.; editio nova, revisa, et a plurimis mendis repurgata, nec non Locis Parallelis seque invicem illustrantibus adaucta; tomus II.
260 _aColoniae Munatianae
_bSumptibus Emanuelis Thurneysen
_c1775
300 _a817 p. (t.2)
_c26.5 x 21 cm
500 _aCum privilegio sacrae caesareae majestatis
500 _aEstado físico: presenta encuadernación en pergamino con lomo semi desprendido y sin cintas
650 1 4 _aDerecho romano
_921676
650 1 4 _aDerecho feudal
_922512
902 _aCFM
942 _2lcc
_cB
999 _c8780
_d8780